| 000 | 00632nam a2200217Ia 4500 | ||
|---|---|---|---|
| 008 | 160418s9999 xx 000 0 und d | ||
| 020 | _a971-574-069-3 | ||
| 050 | _aFIL P 95 | ||
| 050 | _b.B35 2003 | ||
| 100 | _aBallesteros, Theresa M. Flormata - | ||
| 245 | _aSpeech and oral communication / | ||
| 245 | _cTheresa M. Flormata-Ballesteros. | ||
| 260 | _aQuezon City: | ||
| 260 | _bKatha Pub. Co., Inc., | ||
| 260 | _c2003 | ||
| 300 | _a151 pages : | ||
| 300 | _c22 cm. | ||
| 500 | _aIncludes bibliographical references. | ||
| 650 | _aOral communication. | ||
| 650 | _xOral communication -- Problems, exercises, etc. | ||
| 999 |
_c293492 _d293492 |
||